000 01629cam a22001814a 4500
005 20250605164142.0
008 250528s ||||||||||||||||||||||||d
035 _a19007
040 _aGR-AtMCL
_bgre
_dGR-AtMCL
_eAACR2
245 1 _aΓενικη Λογιστικη / Προσαρμοσμένη στο Ελληνικό Γενικό Λογιστικό Σχέδιο ως Προς τις Έννοιες, τους Χειρισμους και το Σχέδιο των Λογαριασμών
260 _bΑθήνα,
_c1989
300 _a336
520 _aΠρόλογος, Εισαγωγή στη Λογιστική, Περιουσία - Απογραφή - Ισολογισμός, Οι Μεταβολές των Περ. Στοιχείων και η Παρακολούθηση τους με τους Διαδοχικούς Ισολογισμούς, Οι Λογαριασμοί, Τα Λογιστικά Στοιχεία και Βιβλία της Επιχειρήσεως, Τα Λογιστικά Σφάλματα και η Διόρθωση τους, Διάκριση των Λογαριασμών Ανάλογα με τη Φύση ή το Περιεχόμενο τους, Λογιστική των Αποθεμάτων, Οι Λογιστικές Εργασίας Τέλους Χρήσεως, Λογιστικές Μεθόδοι και Συστήματα, Στοιχεία Διοικητικής Λογιστικής και Ελεγκτικής, Γενικές Ασκήσεις, Παράρτημα.
700 1 _aΚοντακος Γεωργιος Αριστοτελης
_95287
942 _cBK
999 _c4298
_d4298